<?xml version="1.0" encoding="UTF-8"?>
<collection xmlns="http://www.loc.gov/MARC21/slim">
 <record>
  <leader>01416nam a22002297a 4500</leader>
  <controlfield tag="001">NCT_27964</controlfield>
  <controlfield tag="008">180224b        xxu||||| |||| 00| 0 vie d</controlfield>
  <datafield tag="999" ind1=" " ind2=" ">
   <subfield code="c">1340</subfield>
   <subfield code="d">1340</subfield>
  </datafield>
  <datafield tag="020" ind1=" " ind2=" ">
   <subfield code="c">53000</subfield>
  </datafield>
  <datafield tag="082" ind1="0" ind2="4">
   <subfield code="2">23rd ed.</subfield>
   <subfield code="a">629.22</subfield>
   <subfield code="b">Tr103</subfield>
  </datafield>
  <datafield tag="245" ind1="1" ind2="0">
   <subfield code="a">Kết cấu ô tô</subfield>
   <subfield code="b">(Giáo trình cho sinh viên đại học)</subfield>
   <subfield code="c">Nguyễn Khắc Trai [et al.]</subfield>
  </datafield>
  <datafield tag="260" ind1=" " ind2=" ">
   <subfield code="a">H.</subfield>
   <subfield code="b">Bách khoa - Hà Nội</subfield>
   <subfield code="c">2010</subfield>
  </datafield>
  <datafield tag="300" ind1=" " ind2=" ">
   <subfield code="a">375 tr.</subfield>
   <subfield code="b">Minh họa</subfield>
   <subfield code="c">27cm</subfield>
  </datafield>
  <datafield tag="520" ind1=" " ind2=" ">
   <subfield code="a">Trình bày về cấu tạo, nguyên lí làm việc của các hệ thống, cụm, bộ phận, chi tiết của ô tô, động cơ trên ô tô, điện cơ bản, hệ thống truyền lực, các hệ thống chuyển động và điều khiển chuyển động, một số thiết bị phụ của ô tô</subfield>
  </datafield>
  <datafield tag="653" ind1=" " ind2=" ">
   <subfield code="a">Công nghệ kỹ thuật ô tô</subfield>
  </datafield>
  <datafield tag="700" ind1="1" ind2=" ">
   <subfield code="a">Nguyễn Khắc Trai </subfield>
  </datafield>
  <datafield tag="700" ind1="1" ind2=" ">
   <subfield code="a">Nguyễn Trọng Hoan</subfield>
  </datafield>
  <datafield tag="700" ind1="1" ind2=" ">
   <subfield code="a">Hồ Hữu Hải</subfield>
  </datafield>
  <datafield tag="942" ind1=" " ind2=" ">
   <subfield code="2">ddc</subfield>
   <subfield code="c">BK</subfield>
  </datafield>
  <datafield tag="952" ind1=" " ind2=" ">
   <subfield code="0">0</subfield>
   <subfield code="1">0</subfield>
   <subfield code="2">ddc</subfield>
   <subfield code="4">0</subfield>
   <subfield code="6">629_220000000000000_TR103</subfield>
   <subfield code="7">0</subfield>
   <subfield code="9">6666</subfield>
   <subfield code="a">000001</subfield>
   <subfield code="b">000001</subfield>
   <subfield code="d">2018-02-24</subfield>
   <subfield code="o">629.22 Tr103</subfield>
   <subfield code="p">MD.10091</subfield>
   <subfield code="r">2018-02-24</subfield>
   <subfield code="v">53000.00</subfield>
   <subfield code="w">2018-02-24</subfield>
   <subfield code="y">BK</subfield>
  </datafield>
  <datafield tag="952" ind1=" " ind2=" ">
   <subfield code="0">0</subfield>
   <subfield code="1">0</subfield>
   <subfield code="2">ddc</subfield>
   <subfield code="4">0</subfield>
   <subfield code="6">629_220000000000000_TR103</subfield>
   <subfield code="7">0</subfield>
   <subfield code="9">6674</subfield>
   <subfield code="a">000001</subfield>
   <subfield code="b">000001</subfield>
   <subfield code="d">2018-02-24</subfield>
   <subfield code="l">1</subfield>
   <subfield code="o">629.22 Tr103</subfield>
   <subfield code="p">MD.10086</subfield>
   <subfield code="q">2020-07-23</subfield>
   <subfield code="r">2020-07-09</subfield>
   <subfield code="s">2020-07-09</subfield>
   <subfield code="v">53000.00</subfield>
   <subfield code="w">2018-02-24</subfield>
   <subfield code="y">BK</subfield>
  </datafield>
  <datafield tag="980" ind1=" " ind2=" ">
   <subfield code="a">Thư viện Trường Đại học Nam Cần Thơ</subfield>
  </datafield>
 </record>
</collection>
